Vzťah logistiky a životného prostredia v podnikovej praxi
Cieľom environmentálnej politiky je spájať jej pôvodné funkcie v rámci podniku s ochranou životného prostredia. Logistické aktivity ovplyvňujú životné prostredie. Európska a americká politika a jej pohľad na vzťah logistických aktivít a životného prostredia.
Salvato in:
| Autore principale: | |
|---|---|
| Natura: | Capitolo di libro |
| Lingua: | slovacco |
| Soggetti: | |
| Tags: |
Nessun Tag, puoi essere il primo ad aggiungerne!!
|
MARC
| LEADER | 00000naa$a2200000$$$4500 | ||
|---|---|---|---|
| 001 | 0022936 | ||
| 005 | 20221207121653.3 | ||
| 041 | 0 | |a slo | |
| 044 | |a SK | ||
| 245 | 1 | 0 | |a Vzťah logistiky a životného prostredia v podnikovej praxi |c Júlia Vybíralová |
| 520 | |a Cieľom environmentálnej politiky je spájať jej pôvodné funkcie v rámci podniku s ochranou životného prostredia. Logistické aktivity ovplyvňujú životné prostredie. Európska a americká politika a jej pohľad na vzťah logistických aktivít a životného prostredia. | ||
| 610 | 2 | 0 | |a politika environmentálna |
| 610 | 2 | 0 | |a politika podniková |
| 610 | 2 | 0 | |a logistika |
| 610 | 2 | 0 | |a prostredie životné |
| 610 | 2 | 0 | |a prostredie podnikové |
| 610 | 2 | 0 | |a Európa |
| 610 | 2 | 0 | |a USA |
| 100 | 1 | |a Vybíralová, Júlia | |